000
00222 a2200097 4500
001
51486
100
_a
Busche D
245
_a
College Mathematics for Business
260
_a
New York
_b
John Wiley
_c
090
_c
32610
_d
32610
942
_a
NUST-CAE
_c
M
_c
25126
999
_c
286559
_d
286559